| 000 | 00472nam a2200169Ia 4500 | ||
|---|---|---|---|
| 008 | 230711s9999||||xx |||||||||||||| ||und|| | ||
| 020 | _a978-1-4398-1574-8 | ||
| 041 | _aENG | ||
| 082 |
_a621.319 _bGE-S |
||
| 100 | _aGellings,Clark W | ||
| 245 | 4 | _aThe smart grid : Enabling energy efficiency and demand response | |
| 250 | _a1st Ed. | ||
| 260 |
_c2015 _aNew York _bCRC Press Taylor & Francis Group |
||
| 300 | _a300p. | ||
| 650 | _aElectrical Engineering | ||
| 942 | _cBK | ||
| 999 |
_c6281 _d6281 |
||